| 000 | 00597nam a22001817a 4500 | ||
|---|---|---|---|
| 003 | OSt | ||
| 005 | 20250624031313.0 | ||
| 008 | 250624b |||||||| |||| 00| 0 eng d | ||
| 020 | _a978-621-427-054-5 | ||
| 040 |
_aDWCL - Main lib _cOC |
||
| 082 | _aFil. 005.133 A116p 2019 | ||
| 100 | _aAbante, Mamerlo V. | ||
| 245 |
_aPython Programming/ _cMamerlo V. Abante |
||
| 260 |
_aManila : _bUnlimited books library services & publishing inc., _c c2019. |
||
| 300 |
_aiv , 244 pages: _b illustrations ; _c 25cm. |
||
| 650 | _a1. Python( Computer program language.) | ||
| 942 |
_2ddc _cBK - FIL _kFil. _n0 |
||
| 999 |
_c3251 _d3251 |
||